Behavioral economics of sustainable consumption (Record no. 395949)
[ view plain ]
| 000 -LEADER | |
|---|---|
| fixed length control field | 00574 a2200205 4500 |
| 005 - DATE & TIME | |
| control field | 20260220111525.0 |
| 008 - FIXED-LENGTH DATA ELEMENTS--GENERAL INFORMATION | |
| fixed length control field | 260220b |||||||| |||| 00| 0 eng d |
| 020 ## - ISBN | |
| International Standard Book Number | 9788198494702 |
| Price | Rs. 1500.00 |
| 040 ## - CATALOGING SOURCE | |
| Original cataloging agency | VIVEKANANDA LIBRARY |
| 082 ## - DDC NUMBER | |
| Classification number | 339.47 |
| Book Number | M317B |
| 100 ## - MAIN ENTRY--PERSONAL NAME | |
| Personal name | Manoj Kumar |
| 245 ## - TITLE STATEMENT | |
| Title | Behavioral economics of sustainable consumption |
| 260 ## - PUBLICATION, DISTRIBUTION, ETC. (IMPRINT) | |
| Name of publisher, distributor, etc | Delta Book World |
| Date of publication, distribution, etc | 2025 |
| Place of publication, distribution, etc | New Delhi |
| 300 ## - PHYSICAL DESCRIPTION | |
| Pages | xv, 200 |
| 650 ## - Subject | |
| Subject | Consumer Behavior |
| 650 ## - Subject | |
| Subject | Sustainable Development |
| 650 ## - Subject | |
| Subject | Environmental Responsibility |
| 650 ## - Subject | |
| Subject | Behavioral Economics |
| 942 ## - ADDED ENTRY ELEMENTS (KOHA) | |
| Koha item type | Books |
| Withdrawn status | Lost status | Source of classification or shelving scheme | Damaged status | Not for loan | Location (home branch) | Sublocation or collection (holding branch) | Shelving location | Date acquired | Koha issues (times borrowed) | Koha full call number | Accession No. | Koha date last seen | Koha item type |
|---|---|---|---|---|---|---|---|---|---|---|---|---|---|
| Dewey Decimal Classification | VIVEKANANDA LIBRARY | VIVEKANANDA LIBRARY | Vivekananda Library | 04/02/2026 | 339.47 M317B | 438079 | 04/02/2026 | Books | |||||
| Dewey Decimal Classification | VIVEKANANDA LIBRARY | VIVEKANANDA LIBRARY | Vivekananda Library | 04/02/2026 | 339.47 M317B | 438077 | 04/02/2026 | Books | |||||
| Dewey Decimal Classification | VIVEKANANDA LIBRARY | VIVEKANANDA LIBRARY | Vivekananda Library | 04/02/2026 | 339.47 M317B | 438078 | 04/02/2026 | Books |
